Obálka Náhled e-knihy:
PDF Epub
Pro půjčování e-knih musíte být přihlášeni.
Jak si půjčit online?

Adam ze Zbraslavi a případ královny vdovy Rejčky : druhý díl trilogie /

Druhý díl ze série historických detektivek z Čech počátku 14. století s mladým šlechticem v roli pátrače. Po násilné smrti Václava III. je v ohrožení života i jeho nevlastní matka Eliška Rejčka.

Uloženo v:
Série:V královských službách, část 2
Hlavní autor: Whitton, Hana, 1950- (Autor)
Médium: E-kniha
Jazyk:Czech
Vydáno: V Praze : Vyšehrad, 2022
Vydání:Vydání první
Edice:Historická detektivka
Témata:
Příbuzné jednotky:Z cyklu:: V královských službách
Tagy:
Žádné tagy
LEADER 02783nam a2200469 i 4500
001 311563
003 CZ PrSKC
005 20260601215707.0
007 ta
008 220520s2022 xr g 000 f cze
015 |a cnb003422505 
020 |a 9788076016439  |q (vázáno) :  |c Kč 349,00 
035 |a (OCoLC)1335741677 
040 |a ABG001  |b cze  |e rda 
072 7 |a 821.162.3-3  |x Česká próza  |2 Konspekt 
080 |a 821.162.3-31  |2 MRF 
080 |a (0:82-312.4)  |2 MRF 
080 |a (0:82-311.6)  |2 MRF 
100 1 |a Whitton, Hana,  |d 1950-  |7 jn19981001688  |4 aut 
245 1 0 |a Adam ze Zbraslavi a případ královny vdovy Rejčky :  |b druhý díl trilogie /  |c Hana Whitton 
250 |a Vydání první 
264 1 |a V Praze :  |b Vyšehrad,  |c 2022 
300 |a 227 stran ;  |c 21 cm 
336 |a text  |b txt  |2 rdacontent 
337 |a bez média  |b n  |2 rdamedia 
338 |a svazek  |b nc  |2 rdacarrier 
490 1 |a Historická detektivka 
520 2 |a Druhý díl ze série historických detektivek z Čech počátku 14. století s mladým šlechticem v roli pátrače. Po násilné smrti Václava III. je v ohrožení života i jeho nevlastní matka Eliška Rejčka.  |b Adama ze Zbraslavi čeká další složitý případ: odhalit původce zločinů, jež mají za cíl připravit Elišku Rejčku o život. Oslnivá a vlivná královna-vdova je trnem v oku celé řadě lidí. Je však motivem opravdu jen žárlivost a závist? Adam ze Zbraslavi se domnívá, že případ je mnohem složitější a že spáchané zločiny mají kořeny v dávné minulosti. A když se jednou z obětí stane Rejččina dvorní dáma, není už na co čekat. Pachatele je třeba odhalit co nejdříve! S napětím budeme sledovat, zda se Adamovi podaří zasáhnout včas a zachránit tak nejen královnu vdovu Rejčku, ale také její dceru Anežku. Nakladatelská anotace. 
655 7 |a české romány  |7 fd133974  |2 czenas 
655 7 |a detektivní romány  |7 fd132010  |2 czenas 
655 7 |a historické romány  |7 fd132414  |2 czenas 
655 9 |a Czech fiction  |2 eczenas 
655 9 |a detective novels  |2 eczenas 
655 9 |a historical novels  |2 eczenas 
787 0 8 |i Z cyklu:  |t V královských službách  |g 2 
830 0 |a Historická detektivka 
900 |a ABA001  |b 21 
928 9 |a Albatros Media - Vyšehrad 
044 |a xr 
910 |a RBIT002 
998 |d 352376  |a https://core.palmknihy.cz/api/books/352376/cover?si64qz  |b https://core.palmknihy.cz/api/books/352376/cover/400?si64qz  |c https://core.palmknihy.cz/api/books/352376/cover/50?si64qz  |e 2032-12-31  |g 192  |i 9788076016439  |j https://core.palmknihy.cz/api/books/352376/preview.epub  |k https://core.palmknihy.cz/api/books/352376/preview.pdf  |l   |q 49  |r 1  |s https://www.palmknihy.cz/kniha/352376  |t ebook  |y 2022  |z 0  |v V královských službách  |w 2 
999 |d 311561